<?xml version="1.0" encoding="UTF-8"?>
<record
    xmlns:xsi="http://www.w3.org/2001/XMLSchema-instance"
    xsi:schemaLocation="http://www.loc.gov/MARC21/slim http://www.loc.gov/standards/marcxml/schema/MARC21slim.xsd"
    xmlns="http://www.loc.gov/MARC21/slim">

  <leader>01362cam a2200421 a 4500</leader>
  <datafield tag="999" ind1=" " ind2=" ">
    <subfield code="c">23190</subfield>
    <subfield code="d">23190</subfield>
  </datafield>
  <controlfield tag="001">vtls011426489</controlfield>
  <controlfield tag="005">20220421130918.0</controlfield>
  <controlfield tag="008">181130s2015    xo     g      000 e slo  </controlfield>
  <datafield tag="020" ind1=" " ind2=" ">
    <subfield code="a">9788081113215</subfield>
    <subfield code="q">(viaz.)</subfield>
  </datafield>
  <datafield tag="035" ind1=" " ind2=" ">
    <subfield code="a">urn:nbn:sk:snk-am00bbgb</subfield>
  </datafield>
  <datafield tag="035" ind1=" " ind2=" ">
    <subfield code="a">urn:nbn:sk:snk-am3h8j0</subfield>
  </datafield>
  <datafield tag="035" ind1=" " ind2=" ">
    <subfield code="a">B4E9B320-D5B4-4479-93C2-EA68907514E5</subfield>
  </datafield>
  <datafield tag="040" ind1=" " ind2=" ">
    <subfield code="a">ZKSE</subfield>
    <subfield code="b">slo</subfield>
    <subfield code="c">ZKSE</subfield>
    <subfield code="d">SVKBB</subfield>
    <subfield code="d">SNK</subfield>
    <subfield code="e">AACR2</subfield>
  </datafield>
  <datafield tag="041" ind1="1" ind2=" ">
    <subfield code="a">slo</subfield>
    <subfield code="h">eng</subfield>
  </datafield>
  <datafield tag="044" ind1=" " ind2=" ">
    <subfield code="a">xo</subfield>
    <subfield code="c">SK</subfield>
  </datafield>
  <datafield tag="072" ind1=" " ind2="7">
    <subfield code="a">159.95</subfield>
    <subfield code="x">Vy&#x161;&#x161;ie du&#x161;evn&#xE9; procesy</subfield>
    <subfield code="2">konspekt</subfield>
  </datafield>
  <datafield tag="080" ind1=" " ind2=" ">
    <subfield code="a">316.728</subfield>
    <subfield code="2">2011</subfield>
  </datafield>
  <datafield tag="080" ind1=" " ind2=" ">
    <subfield code="a">159.954</subfield>
    <subfield code="2">2011</subfield>
  </datafield>
  <datafield tag="080" ind1=" " ind2=" ">
    <subfield code="a">72/76</subfield>
    <subfield code="2">2001</subfield>
  </datafield>
  <datafield tag="080" ind1=" " ind2=" ">
    <subfield code="a">(0:82-4)</subfield>
    <subfield code="2">2001</subfield>
  </datafield>
  <datafield tag="100" ind1="1" ind2=" ">
    <subfield code="a">Gilbert, Elizabeth,</subfield>
    <subfield code="d">1969-</subfield>
    <subfield code="9">2847</subfield>
  </datafield>
  <datafield tag="240" ind1="1" ind2="4">
    <subfield code="a">The Big Magic</subfield>
    <subfield code="l">Slovensky</subfield>
  </datafield>
  <datafield tag="245" ind1="1" ind2="0">
    <subfield code="a">Ve&#x13E;k&#xE9; k&#xFA;zlo</subfield>
    <subfield code="c">Elizabeth Gilbert ; [z anglick&#xE9;ho origin&#xE1;lu prelo&#x17E;ila M&#xE1;ria Stankov&#xE1;]</subfield>
  </datafield>
  <datafield tag="250" ind1=" " ind2=" ">
    <subfield code="a">1. vyd.</subfield>
  </datafield>
  <datafield tag="260" ind1=" " ind2=" ">
    <subfield code="a">V Bratislave</subfield>
    <subfield code="b">Noxi</subfield>
    <subfield code="c">2015</subfield>
  </datafield>
  <datafield tag="300" ind1=" " ind2=" ">
    <subfield code="a">187 s.</subfield>
    <subfield code="c">24 cm</subfield>
  </datafield>
  <datafield tag="650" ind1="0" ind2="7">
    <subfield code="a">Everyday life</subfield>
    <subfield code="2">SNKPHeng</subfield>
    <subfield code="9">1935</subfield>
  </datafield>
  <datafield tag="650" ind1="0" ind2="7">
    <subfield code="a">Creative ability</subfield>
    <subfield code="2">SNKPHeng</subfield>
    <subfield code="9">2848</subfield>
  </datafield>
  <datafield tag="650" ind1="0" ind2="7">
    <subfield code="a">kreativita</subfield>
    <subfield code="2">SNKPH</subfield>
    <subfield code="9">2849</subfield>
  </datafield>
  <datafield tag="650" ind1="0" ind2="7">
    <subfield code="a">ka&#x17E;dodenn&#xFD; &#x17E;ivot</subfield>
    <subfield code="2">SNKPH</subfield>
    <subfield code="9">1933</subfield>
  </datafield>
  <datafield tag="650" ind1="0" ind2="7">
    <subfield code="a">umenie</subfield>
    <subfield code="2">SNKPH</subfield>
    <subfield code="9">1934</subfield>
  </datafield>
  <datafield tag="650" ind1="0" ind2="7">
    <subfield code="a">Art</subfield>
    <subfield code="2">SNKPHeng</subfield>
    <subfield code="9">1936</subfield>
  </datafield>
  <datafield tag="655" ind1=" " ind2="7">
    <subfield code="a">eseje</subfield>
    <subfield code="2">SNKPH</subfield>
    <subfield code="9">2822</subfield>
  </datafield>
  <datafield tag="655" ind1=" " ind2="7">
    <subfield code="a">Essays</subfield>
    <subfield code="2">SNKPHeng</subfield>
    <subfield code="9">1704</subfield>
  </datafield>
  <datafield tag="700" ind1="1" ind2=" ">
    <subfield code="a">Stankov&#xE1;, M&#xE1;ria</subfield>
    <subfield code="4">trl</subfield>
    <subfield code="9">2850</subfield>
  </datafield>
  <datafield tag="958" ind1=" " ind2=" ">
    <subfield code="a">UP</subfield>
  </datafield>
  <datafield tag="952" ind1=" " ind2=" ">
    <subfield code="0">0</subfield>
    <subfield code="1">0</subfield>
    <subfield code="2">udc</subfield>
    <subfield code="4">0</subfield>
    <subfield code="7">0</subfield>
    <subfield code="8">D</subfield>
    <subfield code="a">10000</subfield>
    <subfield code="b">10000</subfield>
    <subfield code="d">2022-04-21</subfield>
    <subfield code="i">21537</subfield>
    <subfield code="l">2</subfield>
    <subfield code="m">2</subfield>
    <subfield code="o">S1510</subfield>
    <subfield code="p">S1510</subfield>
    <subfield code="q">2023-09-26</subfield>
    <subfield code="r">2023-06-28</subfield>
    <subfield code="s">2023-06-28</subfield>
    <subfield code="w">2022-04-21</subfield>
    <subfield code="y">OLDO</subfield>
  </datafield>
</record>
